Statistiques concernant Pokémon, dinosaure ou médicament ?

Cliquez ici pour prendre le quiz!

Statistiques générales

  • Ce quiz a été pris 153 fois
  • Le résultat moyen est 15 sur 30

Statistiques - réponses

QuestionRéponse% Correct
AugmentinMédicament
82%
AzurillPokémon
79%
VentavisMédicament
77%
PyraxPokémon
75%
AlocodonDinosaure
72%
AraquaPokémon
72%
KaorinePokémon
71%
LamalineMédicament
69%
PolarhumePokémon
66%
RexilliusPokémon
63%
DaivonexMédicament
62%
HexadronPokémon
62%
AmagaraPokémon
61%
AeriusMédicament
58%
MiraidonPokémon
58%
TanakanMédicament
56%
DiamicronMédicament
54%
IxonPokémon
52%
MiragaiaDinosaure
50%
ItemirusDinosaure
48%
ZuolongDinosaure
40%
CamelotiaDinosaure
31%
GualichoDinosaure
31%
DraconyxDinosaure
29%
LythronaxDinosaure
23%
EndotelonMédicament
20%
FylaxDinosaure
14%
VelafronsDinosaure
12%
HexingDinosaure
12%
GeodonMédicament
11%

Distribution des résultats

Percentile par nombre de réponses

% des personnes avec chaque résultat

Votre développement - résultats

Vous n’avez pas pris ce quiz